000 00625cam a22001935a 4500
001 L155526
008 120327s1814 xxk f 000 0 eng d
035 _a(Sirsi) u155526
041 0 _aeng
100 1 _aCrocker, Abraham
245 0 4 _aThe elements of land surveying
_bdesigned principally for the use of schools and students
250 _a3rd ed.
260 _aLondon
_bLongman
_c1814
300 _axii, 303 p.,[10] leaves of plates, [1] folded and in colour
_bill.
_c18 cm.
583 _aCondition reviewed
_c20120620
_lcondition level 1
651 4 _aGreat Britain
_y1707-
690 _aMeasurement
_96256
942 _n0
999 _c113636
_d113636